[Event "Asian Individual 2025"]
[Site "Al Ain UAE"]
[Date "2025.05.07"]
[Round "1.69"]
[White "Yakimenko, Alexander A."]
[Black "Shubin, Kirill"]
[Result "1-0"]
[BlackTitle "IM"]
[WhiteElo "2000"]
[BlackElo "2443"]
[WhiteFideId "24141917"]
[BlackFideId "34119962"]
[EventDate "2025.05.07"]

1. e4 e5 2. Nf3 Nc6 3. Bc4 Nf6 4. d3 Bc5 5. c3 d6 6. O-O a5 7. Re1 O-O 8. h3 h6
9. Bb5 Be6 10. d4 exd4 11. cxd4 Bb4 12. Re3 d5 13. e5 Ne4 14. Nc3 Bf5 15. a3 Be7
16. Qb3 Ng5 17. Bxc6 bxc6 18. Nxg5 Bxg5 19. Rf3 Rb8 20. Qa4 Be4 21. Rg3 Bxc1 22.
Rxc1 Rxb2 23. Qxc6 Qh4 24. Nxe4 dxe4 25. Rc2 Rb1+ 26. Kh2 Qf4 27. Qxc7 e3 28.
fxe3 Qf1 29. Rf3 Qg1+ 30. Kg3 Qe1+ 31. Rcf2 Rb2 32. e6 Rxf2 33. exf7+ Kh7 34.
Rxf2 Qxe3+ 35. Rf3 Qe1+ 36. Kh2 g6 37. Qe5 Qh4 38. d5 1-0

[Event "Asian Individual 2025"]
[Site "Al Ain UAE"]
[Date "2025.05.07"]
[Round "1.71"]
[White "Tenezaca, Cristian"]
[Black "Harshavardhan, G B"]
[Result "0-1"]
[BlackTitle "IM"]
[WhiteElo "1942"]
[BlackElo "2441"]
[WhiteFideId "2096781"]
[BlackFideId "25059009"]
[EventDate "2025.05.07"]

1. e4 c5 2. c3 Nf6 3. e5 Nd5 4. d4 cxd4 5. cxd4 d6 6. Nf3 Nc6 7. Bc4 e6 8. O-O
Nb6 9. Bd3 dxe5 10. dxe5 Nb4 11. Bb5+ Bd7 12. Qe2 Bxb5 13. Qxb5+ Qd7 14. Nc3
Qxb5 15. Nxb5 N4d5 16. Bg5 a6 17. Nbd4 h6 18. Bd2 g5 19. h3 Bg7 20. Rac1 Nd7 21.
Rfe1 Ke7 22. Rcd1 Rhc8 23. Bc1 Nb4 24. a3 Nc2 25. Re4 Nxd4 26. Rexd4 Nxe5 27.
Nxe5 Bxe5 28. Rd7+ Kf6 29. Rxb7 Rc2 30. Be3 Rxb2 31. Rdd7 Rxb7 32. Rxb7 Rd8 33.
Kf1 Bd4 34. Ke2 Bxe3 35. Kxe3 Rd5 36. Rb6 Ra5 37. Rb3 Ra4 38. Kd3 h5 39. Kc2 h4
40. Rf3+ Rf4 41. Kb3 Rxf3+ 42. gxf3 Ke5 43. Kb4 f5 0-1

[Event "Asian Individual 2025"]
[Site "Al Ain UAE"]
[Date "2025.05.07"]
[Round "1.72"]
[White "Rozum, Ivan"]
[Black "Fancy, Stuart"]
[Result "1-0"]
[WhiteTitle "GM"]
[BlackTitle "FM"]
[WhiteElo "2439"]
[BlackElo "1937"]
[WhiteFideId "24104272"]
[BlackFideId "9100024"]
[EventDate "2025.05.07"]

1. Nf3 d6 2. d4 Nf6 3. c4 c5 4. Nc3 Bg4 5. d5 g6 6. g3 Bxf3 7. exf3 Bg7 8. Bh3
h5 9. O-O h4 10. g4 Kf8 11. Re1 Nbd7 12. f4 a6 13. a4 Qc7 14. Qd3 Re8 15. Bd2
Kg8 16. Re2 Nf8 17. Rae1 Kh7 18. g5 Nh5 19. f5 gxf5 20. Bxf5+ Ng6 21. Re6 Be5
22. Bxg6+ Kg7 23. Bxf7 1-0

[Event "Asian Individual 2025"]
[Site "Al Ain UAE"]
[Date "2025.05.07"]
[Round "1.73"]
[White "Al Kathiri, Mana"]
[Black "Jiang, Haochen"]
[Result "0-1"]
[WhiteTitle "CM"]
[WhiteElo "1880"]
[BlackElo "2439"]
[WhiteFideId "22006648"]
[BlackFideId "8631930"]
[EventDate "2025.05.07"]

1. d4 Nf6 2. Nf3 d5 3. e3 c5 4. b3 cxd4 5. exd4 Nc6 6. Bb2 Bf5 7. Bd3 Bg6 8. O-O
e6 9. Ne5 Nxe5 10. dxe5 Nd7 11. f4 Qb6+ 12. Kh1 Nc5 13. Bd4 Bxd3 14. cxd3 Qa6
15. Bxc5 Bxc5 16. d4 Bxd4 17. Nc3 Bxc3 18. Rc1 d4 19. Qh5 O-O 20. Rf3 Qe2 21.
Qg5 d3 0-1

[Event "Asian Individual 2025"]
[Site "Al Ain UAE"]
[Date "2025.05.07"]
[Round "1.74"]
[White "Priasmoro, Novendra"]
[Black "Moughames, Ronald"]
[Result "1-0"]
[WhiteTitle "GM"]
[WhiteElo "2437"]
[BlackElo "1855"]
[WhiteFideId "7105029"]
[BlackFideId "5304857"]
[EventDate "2025.05.07"]

1. e4 d6 2. d4 Nf6 3. Nc3 e5 4. Nf3 Nbd7 5. Bc4 Be7 6. O-O O-O 7. a4 c6 8. h3
Qc7 9. Be3 Re8 10. Re1 h6 11. Qd2 Bf8 12. Ba2 exd4 13. Bxd4 Ne5 14. Nh4 Be6 15.
f4 Ned7 16. b3 c5 17. Bf2 Nb6 18. a5 Nc8 19. f5 Bd7 20. b4 Bc6 21. b5 Bxe4 22.
Qf4 Bxc2 23. Rxe8 Nxe8 24. Qd2 Bxf5 25. Nxf5 Ne7 26. Nxe7+ Qxe7 27. Nd5 Qg5 28.
Be3 Qg6 29. Rf1 Kh8 30. Nf4 Qe4 31. Bd5 Qb4 32. Ng6+ 1-0